Top 100 Actors Quiz - Statistics

General Stats
  • This quiz has been taken 904 times
    867 since last reset
  • The average score is 41 of 100
Answer Stats
# Movie/Show Actor % Correct
1 Toy Story Tom Hanks
91%
7 Iron Man Robert Downey Jr.
89%
22 Men in Black Will Smith
87%
3 Risky Business Tom Cruise
85%
9 The Mask Jim Carrey
84%
4 Inception Leonardo Di Caprio
84%
6 Good Will Hunting Matt Damon
84%
2 Pulp Fiction Samuel L. Jackson
83%
5 Ocean's 11 George Clooney
82%
25 Grease John Travolta
81%
26 Edward Scissorhands Johnny Depp
80%
20 The Greatest Showman Hugh Jackman
79%
16 Rocky Sylvester Stallone
79%
28 Thor Chris Hemsworth
77%
13 The Shawshank Redemption Morgan Freeman
75%
78 Die Hard Bruce Willis
71%
10 Rush Hour Jackie Chan
71%
18 Gladiator Russell Crowe
71%
55 Silence of the Lambs Anthony Hopkins
67%
49 Joker Joaquin Phoenix
67%
41 The War with Grandpa Robert De Niro
67%
30 Air Force One Harrison Ford
63%
35 Braveheart Mel Gibson
63%
100 Spectre Daniel Craig
62%
52 The Godfather Marlon Brando
61%
32 Stuart Little Michael J. Fox
61%
87 Argo Ben Affleck
60%
17 Rain Man Dustin Hoffman
60%
14 Batman Michael Keaton
60%
39 High School Musical Zac Efron
60%
23 Meet the Parents Ben Stiller
58%
40 Coming to America Eddie Murphy
58%
43 Mork and Mindy Robin Williams
57%
8 Mr. Deeds Adam Sandler
56%
11 X-Men Patrick Stewart
56%
12 Last Action Hero Arnold Schwarzenegger
55%
27 Knives Out Chris Evans
52%
19 Philadelphia Denzel Washington
52%
73 Two and a Half Men Charlie Sheen
51%
53 Bucket List Jack Nicholson
50%
21 The Mummy Returns Dwayne Johnson
49%
51 Mr. Smith Goes to Washington Jimmy Stewart
48%
33 Matilda Danny DeVito
47%
37 Gulliver's Travels Jack Black
46%
76 Goodfellas Joe Pesci
45%
57 Batman Forever Tommy Lee Jones
45%
45 Parks and Recreation Chris Pratt
43%
80 Star Wars: A New Hope James Earl Jones
43%
50 Dr. No Sean Connery
43%
97 Paul Blart: Mall Cop Kevin James
39%
62 Shaun of the Dead Simon Pegg
37%
58 Home Improvement Tim Allen
37%
54 Lincoln Lawyer Matthew McConaughey
36%
36 Back to the Future Christopher Lloyd
35%
44 Mary Poppins Dick Van Dyke
35%
64 Marriage Story Adam Driver
33%
82 Batman: The Animated Series Mark Hamill
33%
24 Wonder Owen Wilson
33%
77 Walker Texas Ranger Chuck Norris
32%
65 The Hurt Locker Jeremy Renner
32%
15 The Prestige Christian Bale
31%
31 Big Fish Ewan McGregor
30%
89 Journey 2: The Mysterious Island Michael Caine
29%
67 The Falcon and the Winter Soldier Anthony Mackie
28%
72 The Mighty Ducks Emilio Estevez
28%
94 The Avengers Mark Ruffalo
28%
38 The Impossible Tom Holland
25%
63 Kong: Skull Island Tom Hiddleston
24%
56 The Goonies Josh Brolin
23%
47 The Witcher Henry Cavill
21%
59 The Mandalorian Pedro Pascal
19%
34 Angels in the Outfield Danny Glover
18%
48 Cat in the Hat Alec Baldwin
17%
96 Dinner with Schmucks Paul Rudd
17%
74 Predator Carl Weathers
16%
88 The Lion King Jeremy Irons
16%
95 WandaVision Paul Bettany
16%
29 Star Trek Benedict Cumberbatch
15%
98 Fatherhood Kevin Hart
15%
46 A Wrinkle in Time Chris Pine
13%
90 The Hunger Games Josh Hutcherson
13%
68 The Martian Sebastian Stan
13%
42 Secondhand Lions Robert Duvall
12%
69 The LEGO Batman Movie Will Arnett
9%
92 Togo Willem Dafoe
9%
81 Atlanta Donald Glover
8%
71 All That Kenan Thompson
8%
84 Arrow Stephen Amell
8%
75 The Karate Kid Pat Morita
7%
86 Game of Thrones Jason Momoa
6%
60 Pixels Josh Gad
6%
61 Mission Impossible Ving Rhames
6%
66 Pacific Rim: Uprising John Boyega
5%
70 The Masked Singer Ken Jeong
5%
79 Life with Mikey Nathan Lane
5%
85 Glee Grant Gustin
4%
93 Pleasantville Tobey McGuire
4%
83 Chuck Brandon Routh
3%
91 Masters of the Universe Dolph Lundren
3%
99 M.O.D.O.K. Patten Oswalt
3%
No matching quizzes found
Score Distribution
Percent of People with Each Score
Percentile by Number Answered
Your Score History
You have not taken this quiz since the last reset